[Event "Vienna State-ch"]
[Site "Vienna"]
[Date "2016.09.25"]
[Round "9"]
[White "Stanec, Nikolaus"]
[Black "Trkulja, Zoran"]
[Result "1/2-1/2"]
[WhiteElo "2447"]
[BlackElo "2179"]
[PlyCount "43"]
[EventDate "2016.09.17"]
[EventType "tourn"]
[EventRounds "9"]
[EventCountry "AUT"]
[EventCategory "3"]
[SourceTitle "CBM 174 Extra"]
[Source "ChessBase"]
[SourceDate "2016.10.10"]
[SourceVersion "1"]
[SourceVersionDate "2016.10.10"]
[SourceQuality "1"]

1. c4 c5 2. g3 Nc6 3. Bg2 Nf6 4. Nc3 g6 5. Nf3 Bg7 6. d4 cxd4 7. Nxd4 0-0 8. 0-0 Nxd4 9. Qxd4 d6 10. Qd3 Qa5 11. e4 Qh5 12. f3 Bh3 13. Be3 Bxg2 14. Kxg2 Qa5 15. Rab1 Rfc8 16. Rfc1 Nd7 17. f4 Bxc3 18. Qxc3 Qh5 19. Qd3 Nc5 20. Qc2 a5 21. b3 Qg4 22. Re1 1/2-1/2

[Event "Vienna State-ch"]
[Site "Vienna"]
[Date "2016.09.19"]
[Round "3"]
[White "Trkulja, Zoran"]
[Black "Lipp, Alfred"]
[Result "0-1"]
[WhiteElo "2179"]
[BlackElo "2055"]
[PlyCount "54"]
[EventDate "2016.09.17"]
[EventType "tourn"]
[EventRounds "9"]
[EventCountry "AUT"]
[EventCategory "3"]
[SourceTitle "CBM 174 Extra"]
[Source "ChessBase"]
[SourceDate "2016.10.10"]
[SourceVersion "1"]
[SourceVersionDate "2016.10.10"]
[SourceQuality "1"]

1. e4 c5 2. b4 cxb4 3. a3 bxa3 4. d4 d6 5. f4 g6 6. Bd3 Bg7 7. c3 Nf6 8. Nf3 0-0 9. 0-0 Nc6 10. Nxa3 Bd7 11. Qe1 Rc8 12. Bd2 a6 13. Qh4 Na5 14. Rab1 b5 15. Ng5 h6 16. Nf3 d5 17. Ne5 dxe4 18. Bc2 e3 19. Be1 Nd5 20. f5 Bxf5 21. Bxf5 gxf5 22. Qh3 Nxc3 23. Qxf5 e2 24. Rf4 Nxb1 25. Nxf7 Qb6 26. Qd5 e6 27. Qd7 Rc1 0-1

[Event "Vienna op 18th"]
[Site "Vienna"]
[Date "2013.08.18"]
[Round "2"]
[White "Wallner, Joachim"]
[Black "Trkulja, Zoran"]
[Result "1-0"]
[WhiteElo "2407"]
[BlackElo "2181"]
[PlyCount "41"]
[EventDate "2013.08.17"]
[EventType "swiss"]
[EventRounds "9"]
[EventCountry "AUT"]
[SourceTitle "CBM 156 Extra"]
[Source "ChessBase"]
[SourceDate "2013.10.22"]
[SourceVersion "1"]
[SourceVersionDate "2013.10.22"]
[SourceQuality "1"]

1. e4 d6 2. d4 Nf6 3. Nc3 g6 4. f4 Bg7 5. Nf3 0-0 6. Bd3 Bg4 7. h3 Bxf3 8. Qxf3 Nc6 9. Be3 Nb4 10. 0-0-0 c5 11. dxc5 Nd7 12. cxd6 exd6 13. e5 Qa5 14. a3 Nc6 15. Bb5 Rac8 16. Rxd6 Ndxe5 17. fxe5 Nxe5 18. Qd5 Qc7 19. Rd1 a6 20. Be2 Nc6 21. Rd7 1-0

[Event "Niederoesterreich Landesliga 1213"]
[Site "Austria"]
[Date "2013.02.17"]
[Round "6"]
[White "Trkulja, Zoran"]
[Black "Csonka, Attila Istvan"]
[Result "0-1"]
[WhiteElo "2223"]
[BlackElo "2354"]
[PlyCount "68"]
[EventDate "2012.09.30"]
[EventType "team-tourn"]
[EventRounds "7"]
[EventCountry "AUT"]
[SourceTitle "EXT 2022"]
[Source "ChessBase"]
[SourceDate "2021.10.06"]
[SourceVersion "1"]
[SourceVersionDate "2021.10.06"]
[SourceQuality "1"]

1. d4 Nf6 2. Nf3 e6 3. c4 b6 4. g3 Ba6 5. Qc2 Bb7 6. Bg2 c5 7. 0-0 cxd4 8. Nxd4 Bxg2 9. Kxg2 Qc7 10. f3 a6 11. Qb3 Nc6 12. Nxc6 Qxc6 13. Be3 Bc5 14. Bxc5 Qxc5 15. Nc3 0-0 16. Rac1 Qc6 17. e4 Rfc8 18. Ne2 Ra7 19. Rfd1 Rac7 20. Qe3 Qc5 21. Qxc5 Rxc5 22. Rd6 R5c6 23. Rxc6 Rxc6 24. Kf2 Kf8 25. Ke3 Ke7 26. a4 d6 27. b4 Rc8 28. Nd4 d5 29. exd5 Nxd5+ 30. Ke4 Nxb4 31. Nb3 Rd8 32. Nd4 e5 33. Nf5+ Kf6 34. Rb1 a5 0-1

[Event "Vienna Tschaturanga op"]
[Site "Vienna"]
[Date "2012.05.11"]
[Round "5"]
[White "Baumegger, Siegfried"]
[Black "Trkulja, Zoran"]
[Result "1/2-1/2"]
[WhiteElo "2437"]
[BlackElo "2198"]
[PlyCount "42"]
[EventDate "2012.05.07"]
[EventType "swiss"]
[EventRounds "7"]
[EventCountry "AUT"]
[SourceTitle "CBM 148 Extra"]
[Source "ChessBase"]
[SourceDate "2012.06.22"]
[SourceVersion "1"]
[SourceVersionDate "2012.06.22"]
[SourceQuality "1"]

1. Nf3 Nf6 2. c4 d6 3. d4 Bg4 4. Nc3 Bxf3 5. exf3 Nbd7 6. g3 g6 7. Bg2 Bg7 8. 0-0 0-0 9. f4 c6 10. d5 cxd5 11. cxd5 Rc8 12. Re1 Ne8 13. Qe2 Qa5 14. Qxe7 Rc7 15. Qe2 Nc5 16. f5 Nb3 17. axb3 Qxa1 18. Bf4 Qa6 19. Nb5 Rc8 20. Bf1 Qb6 21. Be3 Qa5 1/2-1/2

[Event "Vienna Tschaturanga op"]
[Site "Vienna"]
[Date "2012.05.08"]
[Round "2"]
[White "Trkulja, Zoran"]
[Black "Kunschek, Horst"]
[Result "1-0"]
[WhiteElo "2198"]
[BlackElo "1938"]
[PlyCount "65"]
[EventDate "2012.05.07"]
[EventType "swiss"]
[EventRounds "7"]
[EventCountry "AUT"]
[SourceTitle "CBM 148 Extra"]
[Source "ChessBase"]
[SourceDate "2012.06.22"]
[SourceVersion "1"]
[SourceVersionDate "2012.06.22"]
[SourceQuality "1"]

1. e4 e5 2. d4 exd4 3. Nf3 d5 4. Qxd4 Nc6 5. Bb5 a6 6. Bxc6+ bxc6 7. 0-0 Be6 8. Bg5 f6 9. Bf4 Ne7 10. Nc3 Ng6 11. exd5 cxd5 12. Rfe1 Kf7 13. Bxc7 Qxc7 14. Rxe6 Qc5 15. Qxc5 Bxc5 16. Rc6 Rhc8 17. Rxc8 Rxc8 18. Nxd5 Bxf2+ 19. Kxf2 Rxc2+ 20. Kg3 Rxb2 21. a4 h5 22. a5 h4+ 23. Nxh4 Nxh4 24. Kxh4 Rxg2 25. Kh3 Rg5 26. Nc7 Rh5+ 27. Kg2 Rg5+ 28. Kf3 Rh5 29. Nxa6 Rxh2 30. Nc5 Rh8 31. a6 Ke7 32. Rd1 Rc8 33. a7 1-0

[Event "Weiz op 10th"]
[Site "Weiz"]
[Date "2011.04.08"]
[Round "2"]
[White "Ernst, Michael"]
[Black "Trkulja, Zoran"]
[Result "1/2-1/2"]
[WhiteElo "2147"]
[BlackElo "2217"]
[PlyCount "120"]
[EventDate "2011.04.07"]
[EventType "swiss"]
[EventRounds "5"]
[EventCountry "AUT"]
[SourceTitle "CBM 141 Extra"]
[Source "ChessBase"]
[SourceDate "2011.05.03"]
[SourceVersion "1"]
[SourceVersionDate "2011.05.03"]
[SourceQuality "1"]

1. d4 Nf6 2. c4 e6 3. Nc3 Bb4 4. Qc2 0-0 5. a3 Bxc3+ 6. Qxc3 b5 7. cxb5 c6 8. Bg5 cxb5 9. e3 Bb7 10. f3 a6 11. Bd3 Nc6 12. Ne2 Rc8 13. Qd2 h6 14. Bh4 Ne4 15. Bxd8 Nxd2 16. Kxd2 Rfxd8 17. b4 Ne7 18. a4 Nd5 19. Rhb1 Bc6 20. axb5 Bxb5 21. Bxb5 axb5 22. Ra5 Nb6 23. Kd3 Nc4 24. Ra7 d5 25. g4 e5 26. Nc3 Nxe3 27. dxe5 Nc4 28. f4 g5 29. Nxb5 gxf4 30. Re1 Re8 31. Kd4 Nd2 32. Kxd5 f3 33. Rd1 f2 34. Raa1 Nf3 35. Ke4 Nxe5 36. Nd6 Nxg4+ 37. Nxe8 Rxe8+ 38. Kf3 f1Q+ 39. Rxf1 Nxh2+ 40. Kf4 Nxf1 41. Rxf1 Rb8 42. Rb1 Rb5 43. Ke4 Kg7 44. Kd4 Kg6 45. Kc4 Rb8 46. b5 Kg5 47. b6 h5 48. Kd3 Kf4 49. Ke2 Ke4 50. Rb4+ Kd5 51. Rb5+ Kc6 52. Rxh5 Rxb6 53. Rh6+ Kc5 54. Rxb6 Kxb6 55. Ke3 Kc6 56. Ke4 Kd6 57. Kf5 Ke7 58. Ke5 f6+ 59. Kf5 Kf7 60. Kf4 Ke6 1/2-1/2

[Event "Niederoesterreich Landesliga 1011"]
[Site "Austria"]
[Date "2010.12.12"]
[Round "7"]
[White "Trkulja, Zoran"]
[Black "Knoll, Hermann"]
[Result "0-1"]
[WhiteElo "2213"]
[BlackElo "2363"]
[PlyCount "46"]
[EventDate "2010.09.12"]
[EventType "team-tourn"]
[EventRounds "13"]
[EventCountry "AUT"]
[SourceTitle "EXT 2022"]
[Source "ChessBase"]
[SourceDate "2021.10.06"]
[SourceVersion "1"]
[SourceVersionDate "2021.10.06"]
[SourceQuality "1"]

1. e4 e5 2. d4 exd4 3. Qxd4 Nc6 4. Qe3 Nf6 5. Bd2 Bb4 6. a3 Bxd2+ 7. Nxd2 0-0 8. 0-0-0 Re8 9. f3 d5 10. g4 Be6 11. g5 Nd7 12. h4 d4 13. Qf2 Nc5 14. Nh3 Qd6 15. Nc4 Qd7 16. Nd2 Rad8 17. Nf4 Ne5 18. h5 Qc6 19. g6 d3 20. h6 fxg6 21. Nxe6 Rxe6 22. Bh3 Rf6 23. c4 Qa4 0-1

[Event "Niederoesterreich Landesliga 1011"]
[Site "Austria"]
[Date "2010.11.07"]
[Round "5"]
[White "Hellmayr, Alois"]
[Black "Trkulja, Zoran"]
[Result "0-1"]
[WhiteElo "2264"]
[BlackElo "2213"]
[PlyCount "96"]
[EventDate "2010.09.12"]
[EventType "team-tourn"]
[EventRounds "13"]
[EventCountry "AUT"]
[SourceTitle "EXT 2022"]
[Source "ChessBase"]
[SourceDate "2021.10.06"]
[SourceVersion "1"]
[SourceVersionDate "2021.10.06"]
[SourceQuality "1"]

1. c4 Nf6 2. Nf3 b6 3. b3 Bb7 4. Bb2 e6 5. e3 Be7 6. Be2 0-0 7. 0-0 d6 8. Nc3 Nbd7 9. d4 Ne4 10. Nxe4 Bxe4 11. Nd2 Bg6 12. e4 e5 13. d5 a5 14. a3 Nc5 15. f3 Bg5 16. Bc3 f5 17. exf5 Bxf5 18. Kh1 Bf4 19. g3 Be3 20. Re1 Qg5 21. Bf1 Qh6 22. Qe2 Bg5 23. Qd1 Qg6 24. Ra2 h5 25. Bg2 Rf7 26. Nf1 Nd3 27. Ree2 Nc1 28. Rf2 Nxa2 29. Rxa2 Re8 30. h4 Bf6 31. Be1 e4 32. f4 e3 33. Bf3 Be4 34. Kh2 Bxf3 35. Qxf3 e2 36. Rxe2 Rxe2+ 37. Qxe2 Re7 38. Qd1 Qe4 39. Bf2 Qe2 40. Qxe2 Rxe2 41. Kg1 Rb2 42. b4 axb4 43. axb4 Rxb4 44. Nd2 Bc3 45. Nf3 Rxc4 46. Kf1 Ra4 47. Ke2 Bf6 48. Nd2 Ra5 0-1

[Event "Niederoesterreich Landesliga 1011"]
[Site "Austria"]
[Date "2010.10.10"]
[Round "3"]
[White "Poetz, Florian"]
[Black "Trkulja, Zoran"]
[Result "1-0"]
[WhiteElo "2339"]
[BlackElo "2213"]
[PlyCount "85"]
[EventDate "2010.09.12"]
[EventType "team-tourn"]
[EventRounds "13"]
[EventCountry "AUT"]
[SourceTitle "EXT 2022"]
[Source "ChessBase"]
[SourceDate "2021.10.06"]
[SourceVersion "1"]
[SourceVersionDate "2021.10.06"]
[SourceQuality "1"]

1. e4 e6 2. d4 d5 3. Nc3 Bb4 4. e5 c5 5. a3 Bxc3+ 6. bxc3 Ne7 7. Nf3 b6 8. Bb5+ Bd7 9. Bd3 c4 10. Be2 Ba4 11. 0-0 h6 12. h4 Kd7 13. h5 Qg8 14. Bf4 Qh7 15. Rc1 Na6 16. Nd2 Nc7 17. Bg4 Raf8 18. Re1 g6 19. Nf1 gxh5 20. Bxh5 Ne8 21. Qd2 Ng7 22. Bg4 Ngf5 23. Bh3 Rfg8 24. Nh2 Nh4 25. Bg3 Nef5 26. Ng4 Rxg4 27. Bxg4 Rg8 28. Bh3 Nxg3 29. fxg3 Rxg3 30. Kh2 Rg5 31. Rf1 Nf5 32. Rf3 Ne7 33. Rcf1 Rg7 34. R1f2 h5 35. Qc1 Kc7 36. Qb1 a5 37. Qf1 Be8 38. Rf4 Ng8 39. Qe2 Qg6 40. Kg1 Nh6 41. Rh4 Ng4 42. Bxg4 hxg4 43. Rf4 1-0

[Event "Niederoesterreich Landesliga 1011"]
[Site "Austria"]
[Date "2010.09.26"]
[Round "2"]
[White "Trkulja, Zoran"]
[Black "Spacek, Petr"]
[Result "0-1"]
[WhiteElo "2213"]
[BlackElo "2393"]
[PlyCount "80"]
[EventDate "2010.09.12"]
[EventType "team-tourn"]
[EventRounds "13"]
[EventCountry "AUT"]
[SourceTitle "EXT 2022"]
[Source "ChessBase"]
[SourceDate "2021.10.06"]
[SourceVersion "1"]
[SourceVersionDate "2021.10.06"]
[SourceQuality "1"]

1. e4 d6 2. d4 Nf6 3. Nc3 Nbd7 4. Nf3 e5 5. Bc4 Be7 6. 0-0 0-0 7. Re1 c6 8. a4 a5 9. h3 exd4 10. Nxd4 Nc5 11. Ba2 Be6 12. Nxe6 fxe6 13. Be3 d5 14. e5 Nfd7 15. f4 Kh8 16. Qg4 Rf5 17. Rad1 g5 18. Ne2 gxf4 19. Nxf4 Qg8 20. Qxg8+ Kxg8 21. c4 Rxe5 22. cxd5 exd5 23. Nxd5 cxd5 24. Bxd5+ Kf8 25. Rf1+ Ke8 26. Bf7+ Kd8 27. Bd4 Rg5 28. g4 Ra6 29. Be3 Re5 30. Bf4 Re4 31. Bd5 Rxa4 32. g5 Ne6 33. Be5 Nxg5 34. Bxb7 Nxh3+ 35. Kh2 Rh6 36. Bg7 Rg6 37. Bg2 Ng5 38. Bd4 Bd6+ 39. Kg1 Rxd4 40. Rxd4 Bc5 0-1

[Event "Niederoesterreich Landesliga 1011"]
[Site "Austria"]
[Date "2010.09.12"]
[Round "1"]
[White "Pisk, Petr"]
[Black "Trkulja, Zoran"]
[Result "1-0"]
[WhiteElo "2315"]
[BlackElo "2213"]
[PlyCount "69"]
[EventDate "2010.09.12"]
[EventType "team-tourn"]
[EventRounds "13"]
[EventCountry "AUT"]
[SourceTitle "EXT 2022"]
[Source "ChessBase"]
[SourceDate "2021.10.06"]
[SourceVersion "1"]
[SourceVersionDate "2021.10.06"]
[SourceQuality "1"]

1. d4 Nf6 2. Bg5 d5 3. Bxf6 exf6 4. e3 c5 5. dxc5 Bxc5 6. c3 0-0 7. Nd2 Nc6 8. Nb3 Bb6 9. Nf3 Qd6 10. Be2 Bg4 11. 0-0 Bc7 12. g3 Bh3 13. Re1 Rad8 14. Nfd4 a6 15. Nxc6 Qxc6 16. Nd4 Qd6 17. Qb3 Bc8 18. Rad1 Qe5 19. Bf3 Rd6 20. Rd2 Rfd8 21. Red1 h5 22. Ne2 Rb6 23. Qa4 Be6 24. Nf4 Rbd6 25. Nxh5 g6 26. Nf4 g5 27. Nxe6 fxe6 28. c4 Qf5 29. Bg2 b5 30. cxb5 axb5 31. Qxb5 Bb6 32. e4 Bxf2+ 33. Rxf2 dxe4 34. Rxf5 Rxd1+ 35. Rf1 1-0

[Event "Niederoesterreich Landesliga 0910"]
[Site "Austria"]
[Date "2010.03.14"]
[Round "10"]
[White "Flumbort, Andras"]
[Black "Trkulja, Zoran"]
[Result "1-0"]
[WhiteElo "2474"]
[BlackElo "2184"]
[PlyCount "59"]
[EventDate "2009.09.06"]
[EventType "team-tourn"]
[EventRounds "11"]
[EventCountry "AUT"]
[SourceTitle "EXT 2022"]
[Source "ChessBase"]
[SourceDate "2021.10.06"]
[SourceVersion "1"]
[SourceVersionDate "2021.10.06"]
[SourceQuality "1"]

1. Nf3 Nf6 2. c4 e6 3. g3 b6 4. d4 Bb7 5. Bg2 Be7 6. 0-0 0-0 7. Re1 d6 8. Nc3 Nbd7 9. e4 e5 10. b3 Re8 11. d5 Bf8 12. a3 a5 13. Bd2 g6 14. b4 Nh5 15. Qc2 Ng7 16. Nb5 c6 17. dxc6 Bxc6 18. Nc3 axb4 19. axb4 Ne6 20. Qd3 Qb8 21. Be3 Nf6 22. Nd5 Bxd5 23. cxd5 Rxa1 24. Rxa1 Nc7 25. h3 Qb7 26. Nd2 Ra8 27. Rxa8 Nxa8 28. Qb5 Nd7 29. Qc6 Qa7 30. Nc4 1-0

[Event "Niederoesterreich Landesliga 0910"]
[Site "Austria"]
[Date "2010.01.10"]
[Round "7"]
[White "Trkulja, Zoran"]
[Black "Polak, Tomas"]
[Result "1/2-1/2"]
[WhiteElo "2184"]
[BlackElo "2502"]
[PlyCount "81"]
[EventDate "2009.09.06"]
[EventType "team-tourn"]
[EventRounds "11"]
[EventCountry "AUT"]
[SourceTitle "EXT 2022"]
[Source "ChessBase"]
[SourceDate "2021.10.06"]
[SourceVersion "1"]
[SourceVersionDate "2021.10.06"]
[SourceQuality "1"]

1. e4 c6 2. d4 d5 3. Nc3 dxe4 4. Nxe4 Bf5 5. Ng3 Bg6 6. Nf3 Nf6 7. Bd3 e6 8. c3 Bd6 9. Qe2 Nbd7 10. Bg5 Qc7 11. Ne4 Bxe4 12. Bxe4 0-0 13. Bxf6 Nxf6 14. 0-0 Rfe8 15. Rfe1 c5 16. h3 Rad8 17. Rad1 cxd4 18. Nxd4 Bc5 19. Nb3 Nxe4 20. Qxe4 Bb6 21. Qf3 h6 22. Rxd8 Rxd8 23. Rd1 Rxd1+ 24. Qxd1 Qf4 25. Qe2 Qf5 26. a3 Kf8 27. Nd4 Qf4 28. g3 Qc1+ 29. Kg2 Bxd4 30. cxd4 Qc6+ 31. f3 Ke7 32. h4 f6 33. g4 Kd6 34. Qd3 Qb6 35. b3 Qa5 36. b4 Qc7 37. Qe4 Qd7 38. h5 Kc7 39. Qc2+ Kb8 40. Qe4 a6 41. Kf2 1/2-1/2

[Event "Vienna op 16th"]
[Site "Vienna"]
[Date "2009.08.18"]
[Round "4"]
[White "Gatterer, Florian"]
[Black "Trkulja, Zoran"]
[Result "1/2-1/2"]
[WhiteElo "2323"]
[BlackElo "2195"]
[PlyCount "93"]
[EventDate "2009.08.15"]
[EventType "swiss"]
[EventRounds "9"]
[EventCountry "AUT"]
[SourceTitle "CBM 131 Extra"]
[Source "ChessBase"]
[SourceDate "2009.09.03"]
[SourceVersion "2"]
[SourceVersionDate "2009.09.16"]
[SourceQuality "1"]

1. e4 c5 2. Nf3 e6 3. d4 cxd4 4. Nxd4 Qb6 5. Nc3 Nc6 6. Ndb5 a6 7. Be3 Qa5 8. Nd6+ Bxd6 9. Qxd6 Nge7 10. Be2 Qe5 11. Qd2 Qc7 12. 0-0 b5 13. a4 b4 14. Na2 a5 15. c3 b3 16. Nc1 Rb8 17. Ra3 0-0 18. Rxb3 f5 19. Rxb8 Qxb8 20. f3 fxe4 21. fxe4 Rxf1+ 22. Bxf1 Qe5 23. Bd3 d5 24. Bf4 Qh5 25. Ne2 h6 26. h3 Qf7 27. b4 e5 28. Bg3 d4 29. b5 dxc3 30. Qxc3 Nb4 31. Bc4 Be6 32. Bxe6 Qxe6 33. Qxe5 Qb6+ 34. Bf2 Qxf2+ 35. Kxf2 Nd3+ 36. Ke3 Nxe5 37. Kd4 Nd7 38. Nc1 Nb6 39. Nb3 Nxa4 40. Nxa5 Kf7 41. Ke5 Nc8 42. Nc4 Ke7 43. Kf5 Kf7 44. Ne5+ Ke7 45. Nc6+ Kf7 46. Ne5+ Ke7 47. Nc6+ 1/2-1/2

[Event "Niederoesterreich Landesliga 0809"]
[Site "Austria"]
[Date "2008.11.30"]
[Round "5"]
[White "Trkulja, Zoran"]
[Black "Kleiser, Gregor"]
[Result "0-1"]
[WhiteElo "2211"]
[BlackElo "2285"]
[PlyCount "76"]
[EventDate "2008.09.28"]
[EventType "team-tourn"]
[EventRounds "11"]
[EventCountry "AUT"]
[SourceTitle "EXT 2022"]
[Source "ChessBase"]
[SourceDate "2021.10.06"]
[SourceVersion "1"]
[SourceVersionDate "2021.10.06"]
[SourceQuality "1"]

1. e4 c5 2. Nf3 d6 3. d4 cxd4 4. Nxd4 Nf6 5. Nc3 a6 6. Bg5 e6 7. f4 Be7 8. Qf3 Nbd7 9. 0-0-0 Qc7 10. g4 b5 11. Bxf6 Nxf6 12. g5 Nd7 13. f5 Nc5 14. fxe6 fxe6 15. Kb1 b4 16. Nce2 e5 17. Nf5 0-0 18. Neg3 g6 19. Nxe7+ Qxe7 20. Bc4+ Kg7 21. Qe3 Bg4 22. Be2 Be6 23. h4 Rad8 24. h5 Rf4 25. Rdg1 Qb7 26. hxg6 hxg6 27. Nf5+ gxf5 28. Qh3 Rg8 29. Qh6+ Kf7 30. Qf6+ Ke8 31. Bh5+ Kd7 32. Bf7 Rf8 33. Bxe6+ Nxe6 34. Rh7+ Kc6 35. Qh6 fxe4 36. Kc1 Rf1+ 37. Rxf1 Rxf1+ 38. Kd2 Qb6 0-1

[Event "BIH-chT2"]
[Site "Neum"]
[Date "2008.08.27"]
[Round "7.1"]
[White "Kosanovic, Goran A"]
[Black "Trkulja, Zoran"]
[Result "1-0"]
[WhiteElo "2393"]
[BlackElo "2239"]
[PlyCount "55"]
[EventDate "2008.08.23"]
[EventType "team"]
[EventRounds "9"]
[EventCountry "BIH"]
[SourceTitle "CBM 126 Extra"]
[Source "ChessBase"]
[SourceDate "2008.11.05"]
[SourceVersion "1"]
[SourceVersionDate "2008.11.05"]
[SourceQuality "1"]

1. e4 e6 2. d4 d5 3. e5 c5 4. Nf3 Ne7 5. Bd3 Nec6 6. c3 b6 7. a3 a5 8. Bg5 Qd7 9. Nbd2 Ba6 10. Bc2 h6 11. Be3 Be7 12. Nf1 cxd4 13. cxd4 Ra7 14. Ng3 Rc7 15. Bd3 Qc8 16. 0-0 Bxd3 17. Qxd3 Qa6 18. Qd2 a4 19. Rac1 Kd7 20. Nh5 Rg8 21. Qc2 g6 22. Nf6+ Bxf6 23. exf6 Rgc8 24. Bf4 Ra7 25. Bxb8 Nxb8 26. Ne5+ Kd8 27. Nxf7+ Rxf7 28. Qxg6 1-0

[Event "BIH-chT2"]
[Site "Neum"]
[Date "2008.08.26"]
[Round "5.1"]
[White "Saric, Sinisa"]
[Black "Trkulja, Zoran"]
[Result "1-0"]
[WhiteElo "2366"]
[BlackElo "2239"]
[PlyCount "33"]
[EventDate "2008.08.23"]
[EventType "team"]
[EventRounds "9"]
[EventCountry "BIH"]
[SourceTitle "CBM 126 Extra"]
[Source "ChessBase"]
[SourceDate "2008.11.05"]
[SourceVersion "1"]
[SourceVersionDate "2008.11.05"]
[SourceQuality "1"]

1. d4 Nf6 2. c4 c5 3. d5 e6 4. Nc3 exd5 5. cxd5 Bd6 6. g3 Bc7 7. d6 Ba5 8. Bg2 Nc6 9. Nh3 b6 10. 0-0 Bxc3 11. bxc3 Bb7 12. e4 0-0 13. e5 Ne8 14. Qh5 Na5 15. Ng5 h6 16. Bxb7 Nxb7 17. Ne4 1-0

[Event "BIH-chT2"]
[Site "Neum"]
[Date "2008.08.24"]
[Round "3.1"]
[White "Popovic, Milos T"]
[Black "Trkulja, Zoran"]
[Result "1-0"]
[WhiteElo "2391"]
[BlackElo "2239"]
[PlyCount "41"]
[EventDate "2008.08.23"]
[EventType "team"]
[EventRounds "9"]
[EventCountry "BIH"]
[SourceTitle "CBM 126 Extra"]
[Source "ChessBase"]
[SourceDate "2008.11.05"]
[SourceVersion "1"]
[SourceVersionDate "2008.11.05"]
[SourceQuality "1"]

1. d4 e6 2. Nf3 b6 3. e4 d5 4. Nbd2 Nf6 5. e5 Nfd7 6. Bd3 Ba6 7. c4 Bb7 8. 0-0 Be7 9. cxd5 Bxd5 10. Be4 c6 11. Bb1 Na6 12. Ne4 h6 13. Nc3 Nc7 14. Nxd5 Nxd5 15. Qe2 Qc7 16. Bd2 Qb7 17. Be4 b5 18. Rac1 N7b6 19. b3 a5 20. Bd3 a4 21. Rxc6 1-0

[Event "Niederoesterreich Landesliga 0708"]
[Site "Austria"]
[Date "2008.03.09"]
[Round "10"]
[White "Trkulja, Zoran"]
[Black "Ganaus, Hannes"]
[Result "1-0"]
[WhiteElo "2199"]
[BlackElo "2340"]
[PlyCount "77"]
[EventDate "2007.09.16"]
[EventType "team-tourn"]
[EventRounds "13"]
[EventCountry "AUT"]
[SourceTitle "EXT 2022"]
[Source "ChessBase"]
[SourceDate "2021.10.06"]
[SourceVersion "1"]
[SourceVersionDate "2021.10.06"]
[SourceQuality "1"]

1. e4 c6 2. d4 d5 3. e5 Bf5 4. Nf3 e6 5. Be2 Nd7 6. 0-0 Ne7 7. b3 h6 8. c4 g5 9. Nc3 Bg7 10. Ne1 Qb6 11. Kh1 Rd8 12. cxd5 Nxd5 13. Nxd5 exd5 14. f4 gxf4 15. Rxf4 Be6 16. Nd3 Qc7 17. Ba3 Bf8 18. Bxf8 Nxf8 19. Bh5 Rd7 20. Qf3 Rg8 21. Rf1 b6 22. Rf6 Re7 23. Nf4 Rg7 24. Rxh6 Qd7 25. Nxe6 Rxe6 26. Rh8 Qe7 27. Bg4 Reg6 28. Bh5 Re6 29. Bg4 Reg6 30. Bh3 Rh7 31. Rxh7 Nxh7 32. Bf5 Ng5 33. Qh5 Rg8 34. Re1 Kd8 35. Qh6 Qf8 36. Qxc6 Ne6 37. Qxd5+ Kc7 38. Rc1+ Kb8 39. Be4 1-0

[Event "Niederoesterreich Landesliga 0708"]
[Site "Austria"]
[Date "2008.02.24"]
[Round "9"]
[White "Trkulja, Zoran"]
[Black "Todor, Razvan"]
[Result "0-1"]
[WhiteElo "2199"]
[BlackElo "2169"]
[PlyCount "106"]
[EventDate "2007.09.16"]
[EventType "team-tourn"]
[EventRounds "13"]
[EventCountry "AUT"]
[SourceTitle "EXT 2022"]
[Source "ChessBase"]
[SourceDate "2021.10.06"]
[SourceVersion "1"]
[SourceVersionDate "2021.10.06"]
[SourceQuality "1"]

1. e4 d5 2. e5 c5 3. c3 Nc6 4. d4 cxd4 5. cxd4 Bf5 6. Nc3 e6 7. Bd3 Bxd3 8. Qxd3 Qb6 9. Nge2 Nb4 10. Qd1 Ne7 11. 0-0 Nf5 12. g4 Nh4 13. Ng3 Qxd4 14. Qxd4 Nf3+ 15. Kg2 Nxd4 16. Rd1 Ndc6 17. a3 Nc2 18. Ra2 a6 19. b4 N2d4 20. f4 Be7 21. Bb2 Rd8 22. Na4 Nb5 23. Nc5 b6 24. Nb3 Rc8 25. Raa1 Nca7 26. Rac1 Kd7 27. a4 Rxc1 28. Rxc1 Nc7 29. Bd4 Rb8 30. a5 Nc8 31. axb6 Nxb6 32. Bc5 Nc4 33. Nd4 Bxc5 34. bxc5 Rb2+ 35. Nge2 Nb5 36. Kf3 Nxd4+ 37. Nxd4 Rxh2 38. f5 Rh3+ 39. Kf4 Rd3 40. fxe6+ fxe6 41. c6+ Ke7 42. Nf3 h6 43. g5 Kd8 44. gxh6 gxh6 45. Rh1 Rxf3+ 46. Kxf3 Nxe5+ 47. Ke3 Nxc6 48. Rxh6 Kd7 49. Rh8 Kd6 50. Re8 a5 51. Kd3 e5 52. Kc3 Kc5 53. Ra8 e4 0-1

[Event "Niederoesterreich Landesliga 0708"]
[Site "Austria"]
[Date "2007.11.25"]
[Round "6"]
[White "Kummer, Helmut"]
[Black "Trkulja, Zoran"]
[Result "1-0"]
[WhiteElo "2324"]
[BlackElo "2199"]
[PlyCount "99"]
[EventDate "2007.09.16"]
[EventType "team-tourn"]
[EventRounds "13"]
[EventCountry "AUT"]
[SourceTitle "EXT 2022"]
[Source "ChessBase"]
[SourceDate "2021.10.06"]
[SourceVersion "1"]
[SourceVersionDate "2021.10.06"]
[SourceQuality "1"]

1. d4 Nf6 2. c4 e6 3. Nf3 b6 4. Nc3 Bb7 5. Bg5 Bb4 6. e3 h6 7. Bh4 Bxc3+ 8. bxc3 d6 9. Nd2 Nbd7 10. f3 Qe7 11. Qa4 e5 12. e4 0-0 13. Be2 Rfe8 14. 0-0 Nf8 15. Rfe1 Ng6 16. Bf2 Nf4 17. Bf1 c5 18. g3 Ne6 19. d5 Nf8 20. Bg2 Bc8 21. Nf1 Bd7 22. Qc2 Reb8 23. Ne3 Qe8 24. f4 exf4 25. gxf4 Ng6 26. Bg3 Nh5 27. Qf2 Nxg3 28. hxg3 Qe7 29. Rad1 Qf6 30. e5 dxe5 31. f5 Nf8 32. d6 Re8 33. Bxa8 Rxa8 34. Ng4 Qg5 35. Nxe5 Bxf5 36. Rd5 Be6 37. Nxf7 Qf6 38. Qxf6 gxf6 39. Nxh6+ Kh7 40. Rh5 Kg6 41. Rh4 f5 42. Rf1 Rd8 43. Nxf5 Bxf5 44. Rhf4 Rxd6 45. Rxf5 Nh7 46. Rd5 Re6 47. Rfd1 Re4 48. Rd6+ Kf5 49. R1d5+ Kg4 50. Kg2 1-0